Представление документа в формате RUSMARC

ПолеНазваниеЗначение
  Тип записи a
  Библиографический уровень m
001 Контрольный номер RU/REG73/CBS_GRAD/1/712805724
005 Дата корректировки 20221122154835.9
010 Индекс ISBN __
a ISBN 978-5-353-09763-1
101 Язык документа __
a Язык текста rus
200 Заглавие и сведения об ответственности __
a Заглавие Поэзия серебряного века
f Первые сведения об ответственности А. А. Блок, В. Ю. Брюсов, Д. С. Мережковский и др.
b Общее обозначение материала Текст
203 Вид содержания и тип средства __
a Вид содержания Текст (визуальный) : непосредственный
210 Выходные данные __
a Место издания Москва
c Издательство РОСМЭН
d Дата издания 2021
215 Физическое описание __
a Объем 176 с.
225 Серия __
a Серия Библиотека школьника
686 Индексы других классификаций __
a Классификационный индекс 84(2 Рос=Рус)
801 Источник записи _0
a Страна RU
b Организация RuCBSGrad
g Правила каталогизации PSBO
801 Источник записи _1
a Страна RU
b Организация RuCBSGrad
g Правила каталогизации PSBO
901 Тип документа __
t Тип документа m
981 __
b i
2 isbdcontent
g e
982 __
b n
2 isbdmedia